Loading...

Poovan banana and the other stories /

Bibliographic Details
Main Author: Basheer, Vaikom Muhammad 1908-1994
Other Authors: Abdulla, V. (Translator)
Format: Printed Book
Language:English
Published: New Delhi : Orient Longman, 2012.
Subjects:
LEADER 00749cam a2200193 a 4500
005 20200626124822.0
008 941201s1994 ii 000 1 eng
999 |c 5181  |d 5181 
020 |a 8125003231 : 
020 |a 9788125003236 
082 0 0 |a 894.1301 BAS/ABD 
100 1 |a Basheer, Vaikom Muhammad  |d 1908-1994. 
245 1 0 |a Poovan banana and the other stories /  |c translated from the Malayalam by V. Abdulla. 
260 |a New Delhi :  |b Orient Longman,  |c 2012. 
300 |a 216p. 
650 |a Stories 
700 |a Abdulla, V.  |e translator. 
942 |2 ddc  |c BK 
952 |0 0  |1 0  |2 ddc  |4 0  |6 894_130100000000000_BASABD  |7 0  |9 7328  |a MAIN  |b MAIN  |d 2014-01-20  |e Current Books, Calicut (D. C. Books)  |g 345.00  |l 4  |o 894.1301 BAS/ABD  |p 6849  |r 2018-07-25  |s 2018-07-16  |t 1  |w 2014-01-20  |y BK